| 000 | 01287nam a22003617a 4500 | ||
|---|---|---|---|
| 003 | CHAP | ||
| 005 | 20220817044346.0 | ||
| 008 | 100622s1989 mx a r 00010 spa d | ||
| 010 | _a98783 | ||
| 011 | _a99755 | ||
| 035 | _a110441 | ||
| 040 | _cCHAP | ||
| 090 | _aFolleto 17728 | ||
| 100 | 1 |
_aPalacios Espinosa, Eduardo _984811 |
|
| 245 | 1 | 3 |
_aLa espadaña : _bun fósil viviente en peligro de extinción _c/por Eduardo Palacios Espinosa |
| 260 |
_aTuxtla Gutiérrez, Chis. : _bInstituto de Historia Natural. Departamento de Botánica, _c1989 |
||
| 300 |
_a4 p. : _bilus. |
||
| 490 | 0 |
_aYashté : plantas de Chiapas sus usos valores e importancia _v; 4 |
|
| 590 |
_aBATCH-UPD _b10 _c20130110 _lUCH01 _h1425 |
||
| 590 |
_aBATCH-UPD _b10 _c20130410 _lUCH01 _h0905 |
||
| 590 |
_aBATCH-UPD _b10 _c20130914 _lUCH01 _h0738 |
||
| 590 |
_aCONVERSION _b10 _c20130109 _lUCH01 _h1355 |
||
| 650 | 1 | 4 |
_aBotánica _zChiapas. _914639 |
| 650 | 1 | 4 |
_aCicadinas. _923041 |
| 650 | 1 | 4 |
_aPalmas. _984969 |
| 650 | 1 | 4 | _aPlantas ornamentales. |
| 650 | 1 | 4 |
_aPlantas tropicales. _989088 |
| 650 | 1 | 4 |
_aZamiaceae. _9123504 |
| 830 | 0 |
_aYashté : plantas de Chiapas sus usos valores e importancia _v; 4 _9123005 |
|
| 901 | _aBK | ||
| 942 | _cFOLL | ||
| 949 |
_aFolleto 17728 _bBC _cFOLL _d33724002178199 _eTS1 _i110441 _sb |
||
| 999 |
_c98783 _d98783 |
||